Open Data Biblioteca Nacional de Portugal


República Portuguesa: Ministério da Cultura
Biblioteca Nacional de Portugal

Catálogo da BNP: acesso por Identificadores Unívocos
Registos Bibliográficos associados ao registo de autoridade

Etiqueta de registo: 00254nam 2200025 450
001 2287458
003 http://id.bnportugal.gov.pt/bib/catbnp/2287458
100 ## $a20260602d2025 k y0pory01030103ba
101 0# $apor$deng
102 ## $aPT
105 ## $ay m 000yy
106 ## $ar
200 1# $aContributos do microcrédito para o Livelihood de mulheres empreendedoras$eestudos de casos em diferentes contextos socioterritoriais no Brasil$fMônica de Nazaré Corrêa Ferreira Nascimento$gorient. Carla Susana da Encarnação Marques, Maria da Conceição Peixe Rêgo
210 #9 $aVila REal$c[s.n.],$d2025
215 ## $aXXXV, 264 p.$d30 cm
328 #1 $aTese doutoramento Desenvolvimento, Sociedades e Territórios, Universidade de Trás-os-Montes e Alto Douro, 2025
700 #1 $aNascimento,$bMônica de Nazaré Corrêa Ferreira $31999997
702 #1 $aMarques,$bCarla Susana da Encarnação$4727$3959165
702 #1 $aRego,$bMaria da Conceição$4727$31158288
801 #0 $aPT$bBN$gRPC
966 ## $lBN$mFGMON$x1
971 ## $cjbeatriz$d20260602

OpendataBNP@bnportugal.pt | Mais informação sobre acesso aos dados BNP